000 00969cam a22002651 4500
001 sa 67004215
003 DLC
005 20260227112344.0
008 810402s1964 ii b 000 0 eng
010 _asa 67004215
025 _aPL480:I-E-5667
035 _a(OCoLC)7296923
040 _aDLC
_cNIC
_dDLC
042 _apremarc
050 0 0 _aPK5003.A52
_bB557 1964
100 1 _aSikdar, Jogendra Chandra.
245 1 0 _aStudies in the Bhagawatīsūtra.
260 _aMuzaffarpur,
_bResearch Institute of Prakrit, Jainology & Ahimsa,
_c1964.
300 _axxiv, 658 p.
_c26 cm.
490 1 _aPrakrit Jain Institute research publications series,
_vv. 1
500 _aA revision of the author's thesis, Bihar University.
504 _aBibliography: p. [627]-637.
600 1 0 _aSiddhauta, Aṅga.
_tBhagavatīsūtra.
810 1 _aMazaffarpur, India.
_bResearch Institute of Prakrit, Jainology & Ahimsa.
_tPrakrit Jain Institute research publications series ;
_vv. 1.
999 _c74311
_d74311